| 000 | 00550nam a22001937a 4500 | ||
|---|---|---|---|
| 999 |
_c526638 _d526638 |
||
| 003 | NUST | ||
| 005 | 20190715055628.0 | ||
| 008 | 190715b ||||| |||| 00| 0 eng d | ||
| 038 | _aFaiza | ||
| 082 |
_a891.491092 _bYOU |
||
| 100 |
_aYousaf Misali _99438 |
||
| 245 |
_aBulah, Baho, Bughat Kabeer / _cYousaf Misali |
||
| 260 |
_aLahore: _bMushtaq Book Corner, _cN.D |
||
| 300 | _a360p. ; | ||
| 500 | _aHard Cover | ||
| 880 |
_6100-01\r _aیوسف مثالی |
||
| 880 |
_6245-02\r _a /بُلّھا، باہو، بھگت کبیر |
||
| 942 |
_2ddc _cBK |
||